| 000 | 00615nam a2200169 a 4500 | ||
|---|---|---|---|
| 001 | 000030630 | ||
| 005 | 20200930062423.0 | ||
| 008 | 110525s2011 dr 000 0 spa d | ||
| 020 | _a9789945163988 | ||
| 040 |
_aDO-SdBNP _bspa _cBNPHU |
||
| 082 |
_axxxx _bF897 |
||
| 100 | 1 |
_aFrías, Féliz Octavio, _d1951- _957214 |
|
| 245 | 1 | 0 |
_aCuando el silencio necesita hablar : _bdisecando los diversos momentos y valores de la existencia humana má allá de la materia / _cFéliz Octavio Frías; prólogo Ricardo Nieves. |
| 260 |
_aSanto Domingo : _bGestión Editorial, _c2011. |
||
| 300 |
_a98 p. ; _c21 cm. |
||
| 049 | _aBNPD | ||
| 999 |
_c30122 _d30122 |
||